| 000 | 00668nam a2200241 a 4500 | ||
|---|---|---|---|
| 001 | 80123 | ||
| 003 | BD-RjUL | ||
| 005 | 20220726123657.0 | ||
| 008 | 220726s20172021ii ||||| |||| 00| 0 eng d | ||
| 020 | _a9789389656428 | ||
| 035 | _a(BD-RjUL)80123 | ||
| 040 |
_aBD-RjUL _beng _cBD-RjUL |
||
| 041 | _aeng | ||
| 082 |
_223 _a342.5406 _bMAA 2021 |
||
| 100 |
_aMassey, I.P. _94136 |
||
| 245 |
_aAdministrative law / _cI.P. Massey |
||
| 250 | _aNinth Edition | ||
| 260 |
_aLucknow : _bEastern Book Company, _c2017 [reprint 2021] |
||
| 300 |
_aciv, 638 pages ; _c 24 cm. |
||
| 500 | _aIncludes index. | ||
| 650 |
_aAdministrative law _xIndia. _94137 |
||
| 942 |
_2ddc _cBK |
||
| 999 |
_c80123 _d80123 |
||